| 000 | 00877nam a2200265 i 4500 | ||
|---|---|---|---|
| 001 | bg | ||
| 003 | BPK | ||
| 005 | 20220623133434.0 | ||
| 008 | 020718s1978 pl a |000 0 pol | ||
| 015 | _aPB 1978/3774 | ||
| 040 |
_aWA N _cBPK |
||
| 041 | 0 | _apol | |
| 080 | _a339.92(1-15) | ||
| 080 | _a327.7(1-15) | ||
| 080 | _a355(1-15) | ||
| 080 | _a061.1(1-15) | ||
| 100 | 1 |
_aDoliwa-Klepacki, Zbigniew M. _d(1938- ) _eAutor |
|
| 245 | 1 | 0 |
_aOrganizacje międzynarodowe rozwiniętych państw kapitalistycznych / _cZbigniew M. Klepacki. |
| 260 |
_aWarszawa : _bPaństwowe Wydaw. Naukowe, _c1978. |
||
| 300 |
_a457, [3] s. : _b7 tab. ; _c25 cm. |
||
| 504 | _aBibliogr. | ||
| 650 | 4 |
_aOrganizacje międzynarodowe _xkraje kapitalistyczne. |
|
| 856 |
_uhttp://koha.tu.koszalin.pl/cgi-bin/koha/opac-detail.pl?biblionumber=17685 _yKatalog online BPK |
||
| 942 |
_2UKD _cKS |
||
| 999 |
_c17685 _d17685 |
||